LEADER 01121nam a2200241 u 4500 001 000000089254 003 CaOOAMICUS 005 20070226124610.0 008 051115s1956 it a u000 u ita u 035 $a11068726 040 $aPUL(R)$bita 100 1 $aDalla Nora, Geremia.$0(OLS)http://pul/name/8111 245 10$aCondizionatori biologici della Personalità :$bbiologia e educazione /$cGeremia Dalla Nora. 260 $aTorino :$bPontificio Ateneo Salesiano,$c1956. 300 $a313 p. :$bill. ;$c24 cm 490 1 $aPubblicazioni dell'Istituto Superiore di Pedagogia ;$v3 650 4$aPersonalità.$0(OLS)http://pul/subject/6749 830 0$aPubblicazioni dell'Istituto Superiore di Pedagogia ;$v3.$0(OLS)http://pul/title/21524 850 $aPUL 852 $aPUL$W1$xDP1 Fondo Pastorale$y55$mP11 A 19$j112883$nBK-PRI$b $qFondi$B112883$CPULBib$Z2$F112883 $HPUL272 $81 941 1 $a1 996 $6245$aCondizionatori biologici della Personalità :$bbiologia e educazione$9(OLS)http://pul/title/115269 996 $6260$aTorino :$bPontificio Ateneo Salesiano$9(OLS)http://pul/publisher/54242 LEADER 01575nam a2200361 a 4500 001 000000158049 003 CaOOAMICUS 005 20170123104231.0 008 170123s2016 it u000 u ita r 020 $a978-88-215-9832-6* 032 $aLibriCat 040 $aPUL$bita 041 1 $aita$hrus 082 04$a210 100 1 $aFlorenskij, Pavel Aleksandrovi?,$d1882-1937.$0(OLS)http://pul/name/12952 240 10$aFilosofija kul?ta.$lItaliano.$0(OLS)http://pul/title/197649 245 13$aLa filosofia del culto /$cPavel A. Florenskij ; a cura di Natalino Valentini ; traduzione di Leonardo Marcello Pignataro. 260 $aCinisello Balsamo :$bSan Paolo,$c2016. 300 $a596 p. ;$c21 cm. 490 1 $aClassici del pensiero cristiano ;$v21 504 $aBibliografia in nota. 650 4$aFilosofia della religione.$0(OLS)http://pul/subject/120 700 1 $aPignataro, Leonardo Marcello.$0(OLS)http://pul/name/100924 700 1 $aValentini, Natalino,$d1960-$0(OLS)http://pul/name/28421 830 0$aClassici del pensiero cristiano ;$v21.$0(OLS)http://pul/title/69849 850 $aPUL 852 $aPUL$W1$xSL Religione 3$y85$m210 FLOPA 1$j181377$qDDC 21$B184518$CPULBib$Z2$F184518 $H128688 $81 941 1 $a9 996 $6020$a978-88-215-9832-6*$9(OLS)http://pul/number/161831 996 $6082$a210$9(OLS)http://pul/classification/1731 996 $6245$aLa filosofia del culto$9(OLS)http://pul/title/197650 996 $6260$aCinisello Balsamo :$bSan Paolo$9(OLS)http://pul/publisher/54577